[Event "Muensterland Verbandsklasse 1617"]
[Site "Germany"]
[Date "2017.03.04"]
[Round "7.7"]
[White "Wiengarten, Ralf"]
[Black "Dittberner, Markus"]
[Result "0-1"]
[WhiteElo "1609"]
[BlackElo "1622"]
[PlyCount "98"]
[EventDate "2016.09.24"]
[EventType "team"]
[EventRounds "9"]
[EventCountry "GER"]
[SourceTitle "EXT 2018"]
[Source "ChessBase"]
[SourceDate "2017.10.13"]
[SourceVersion "1"]
[SourceVersionDate "2017.10.13"]
[SourceQuality "1"]
[WhiteTeam "Beelen II"]
[BlackTeam "Muenster Indische Dame"]
[WhiteTeamCountry "GER"]
[BlackTeamCountry "GER"]

1. Nf3 Nf6 2. d4 g6 3. c4 Bg7 4. Bg5 h6 5. Bh4 0-0 6. e3 c5 7. Bd3 d6 8. 0-0 Na6 9. a3 Bd7 10. Nc3 Nc7 11. b4 Na6 12. Qb3 Rb8 13. b5 Nc7 14. dxc5 dxc5 15. Rad1 Nh5 16. Be2 b6 17. Rd2 Qe8 18. Rfd1 Bg4 19. h3 Be6 20. Qc2 f5 21. Nd5 Nxd5 22. cxd5 Bd7 23. Bc4 g5 24. d6+ e6 25. Nxg5 hxg5 26. Bxg5 Qg6 27. h4 Bf6 28. e4 fxe4 29. Re2 Bxg5 30. hxg5 Rf4 31. g3 Rbf8 32. gxf4 Rxf4 33. Kf1 Qxg5 34. Ke1 Nf6 35. Qb3 Kf7 36. Qg3 Rg4 37. Qe3 Qe5 38. f4 Rxf4 39. Rf2 Rxf2 40. Bxe6+ Kxe6 41. Qxf2 e3 42. Qa2+ Kf5 43. Qc2+ Ne4 44. Kf1 Bxb5+ 45. Kg1 e2 46. Rb1 Qg3+ 47. Kh1 e1Q+ 48. Rxe1 Qxe1+ 49. Kg2 Qd2+ 0-1